Sports Quiz

Random Sports or NBA Quiz

NBA Stars' Best Teammates (+/-) Quiz Stats

 Plays Quiz Updated Jun 25, 2018

Score 0/100 Timer 10:00
0 Plays Today
Player Player % Correct
LeBron JamesDwyane Wade
95.3%
LeBron JamesChris Bosh
93.7%
Dwyane WadeChris Bosh
93.7%
Kevin DurantRussell Westbrook
91.2%
James HardenRussell Westbrook
91.2%
Kevin DurantKlay Thompson
91%
Stephen CurryKlay Thompson
91%
Chris PaulDavid West
90.4%
LeBron JamesDelonte West
90.1%
LeBron JamesTristan Thompson
89.5%
LeBron JamesKyrie Irving
89.2%
Kawhi LeonardKyle Anderson
86.5%
Kevin DurantDraymond Green
86.2%
Stephen CurryDraymond Green
86.2%
Chris PaulBlake Griffin
85.4%
Kawhi LeonardDanny Green
85.3%
Dwyane WadeLeBron James
84.5%
James HardenKevin Durant
83.4%
Stephen CurryKevin Durant
83.4%
Kawhi LeonardTony Parker
82.5%
Chris PaulDeAndre Jordan
81.5%
Kawhi LeonardTim Duncan
81.2%
Dwight HowardJames Harden
79.3%
Kevin DurantJames Harden
79.3%
LeBron JamesKevin Love
79%
Dwyane WadeShaquille O'Neal
71.6%
Kevin DurantStephen Curry
70.6%
DeMarcus CousinsAnthony Davis
68.4%
Kawhi LeonardManu Ginobili
68.4%
Anthony DavisDeMarcus Cousins
62.6%
DeMarcus CousinsJrue Holiday
60.8%
Anthony DavisJrue Holiday
59%
James HardenDwight Howard
58.5%
Kevin DurantSerge Ibaka
57.8%
Player Player % Correct
LeBron JamesMo Williams
55.6%
Stephen CurryAndre Iguodala
52.3%
Dwight HowardJ.J. Redick
51.7%
Chris PaulJ.J. Redick
51.7%
LeBron JamesMario Chalmers
49.5%
Dwyane WadeMario Chalmers
49.5%
Stephen CurryAndrew Bogut
48.1%
Kawhi LeonardLaMarcus Aldridge
48%
Dwight HowardRyan Anderson
47.9%
James HardenRyan Anderson
47.9%
Anthony DavisRyan Anderson
47.9%
Dwyane WadeUdonis Haslem
46.6%
Dwight HowardJameer Nelson
46.6%
Kawhi LeonardPatty Mills
45%
Kevin DurantSteven Adams
44.3%
Chris PaulJamal Crawford
43.1%
James HardenEric Gordon
42.7%
James HardenTrevor Ariza
42.5%
DeMarcus CousinsRudy Gay
42.1%
Dwyane WadeEddie Jones
41.9%
Dwyane WadeDamon Jones
41.9%
LeBron JamesZydrunas Ilgauskas
40%
Stephen CurryHarrison Barnes
39.4%
Dwight HowardMatt Barnes
39.2%
Chris PaulMatt Barnes
39.2%
Anthony DavisRajon Rondo
39.1%
DeMarcus CousinsDarren Collison
37.4%
Kevin DurantNick Collison
37.3%
James HardenNick Collison
37.3%
Dwight HowardPatrick Beverley
36.5%
James HardenPatrick Beverley
36.5%
Anthony DavisTyreke Evans
36.5%
Stephen CurryShaun Livingston
33.2%
Dwight HowardRashard Lewis
32.3%
Player Player % Correct
Stephen CurryDavid Lee
31.5%
Dwight HowardHedo Turkoglu
31.1%
DeMarcus CousinsDarius Miller
31%
James HardenClint Capela
30.9%
Stephen CurryZaza Pachulia
30.7%
Chris PaulCaron Butler
30.7%
Kevin DurantKendrick Perkins
24.4%
LeBron JamesAnderson Varejao
23.9%
Dwyane WadeShane Battier
20.3%
Anthony DavisE'Twaun Moore
18.9%
DeMarcus CousinsE'Twaun Moore
18.9%
Dwyane WadeJoel Anthony
17.8%
Anthony DavisNikola Mirotić
17.6%
Dwight HowardVince Carter
17.5%
Anthony DavisSolomon Hill
17.1%
Chris PaulTyson Chandler
16.1%
Kawhi LeonardTiago Splitter
15.2%
Kevin DurantThabo Sefolosha
14.9%
Kawhi LeonardBoris Diaw
13.3%
DeMarcus CousinsBen McLemore
12.1%
Chris PaulPeja Stojakovic
11.2%
James HardenChandler Parsons
11.1%
Chris PaulLuc Mbah a Moute
10.5%
Stephen CurryJaVale McGee
9.8%
DeMarcus CousinsOmri Casspi
8.9%
Kawhi LeonardMatt Bonner
8.7%
Anthony DavisIan Clark
6.8%
DeMarcus CousinsIan Clark
6.8%
Anthony DavisQuincy Pondexter
4.3%
Dwyane WadeJames Posey
3.9%
DeMarcus CousinsToney Douglas
0.8%
Dwight HowardKeith Bogans
0.8%

You're not logged in!

Compare scores with friends on all Sporcle quizzes.
OR
Log In

Show Comments

Extras

Top Quizzes Today


Score Distribution

Your Account Isn't Verified!

In order to create a playlist on Sporcle, you need to verify the email address you used during registration. Go to your Sporcle Settings to finish the process.

Report this User

Report this user for behavior that violates our Community Guidelines.

Details: